<?xml version="1.0" encoding="UTF-8"?><?xml-stylesheet type="text/xsl" href="static/style.xsl"?><OAI-PMH xmlns="http://www.openarchives.org/OAI/2.0/" xmlns:xsi="http://www.w3.org/2001/XMLSchema-instance" xsi:schemaLocation="http://www.openarchives.org/OAI/2.0/ http://www.openarchives.org/OAI/2.0/OAI-PMH.xsd"><responseDate>2026-04-17T03:02:27Z</responseDate><request verb="GetRecord" identifier="oai:www.recercat.cat:2072/482562" metadataPrefix="marc">https://recercat.cat/oai/request</request><GetRecord><record><header><identifier>oai:recercat.cat:2072/482562</identifier><datestamp>2025-05-08T16:11:33Z</datestamp><setSpec>com_2072_98</setSpec><setSpec>col_2072_378192</setSpec></header><metadata><record xmlns="http://www.loc.gov/MARC21/slim" xmlns:dcterms="http://purl.org/dc/terms/" xmlns:xsi="http://www.w3.org/2001/XMLSchema-instance" xmlns:doc="http://www.lyncode.com/xoai" xsi:schemaLocation="http://www.loc.gov/MARC21/slim http://www.loc.gov/standards/marcxml/schema/MARC21slim.xsd">
   <leader>00925njm 22002777a 4500</leader>
   <datafield ind2=" " ind1=" " tag="042">
      <subfield code="a">dc</subfield>
   </datafield>
   <datafield ind2=" " ind1=" " tag="720">
      <subfield code="a">Vielma Nuñez, Verónica</subfield>
      <subfield code="e">author</subfield>
   </datafield>
   <datafield ind2=" " ind1=" " tag="720">
      <subfield code="a">Martínez Bouza, José Manuel</subfield>
      <subfield code="e">author</subfield>
   </datafield>
   <datafield ind2=" " ind1=" " tag="260">
      <subfield code="c">2024</subfield>
   </datafield>
   <datafield ind2=" " ind1=" " tag="520">
      <subfield code="a">El objetivo principal de esta investigación es analizar el impacto del uso de los elementos gráficos (overlays) basados en UX, en transmisiones en vivo a través de la marca IVEON, con el fin de comprender su influencia en el rendimiento de los creadores de contenido. La metodología de investigación es cuantitativa realizando dos tipos de encuestas. La primera consiste en determinar las variables de estudio a través de las preferencias de los usuarios de diseño, para identificar tendencias. La segunda se basa en encuestas longitudinales de medidas repetidas para verificar la variación de las métricas de los directos.</subfield>
   </datafield>
   <datafield ind2=" " ind1=" " tag="520">
      <subfield code="a">L'objectiu principal d'aquesta investigació és analitzar l'impacte de l'ús dels elements gràfics (overlays) basats en UX, en transmissions en viu a través de la marca IVEON, per tal de comprendre'n la influència en el rendiment dels creadors de contingut. La metodologia de recerca és quantitativa fent dos tipus d'enquestes. La primera consisteix a determinar les variables destudi a través de les preferències dels usuaris de disseny, per identificar tendències. La segona es basa en enquestes longitudinals de mesures repetides per verificar la variació de les mètriques dels directes.</subfield>
   </datafield>
   <datafield ind2=" " ind1=" " tag="520">
      <subfield code="a">The main objective of this research is to analyze the impact of the use of UX-based graphic elements (overlays) in live broadcasts through the IVEON brand, in order to understand their influence on the performance of content creators. The research methodology is quantitative, conducting two types of surveys. The first consists of determining the study variables through the design preferences of users, to identify trends. The second is based on longitudinal surveys of repeated measures to verify the variation of live metrics.</subfield>
   </datafield>
   <datafield tag="653" ind2=" " ind1=" ">
      <subfield code="a">Streaming</subfield>
   </datafield>
   <datafield tag="653" ind2=" " ind1=" ">
      <subfield code="a">Creadores de contenido</subfield>
   </datafield>
   <datafield tag="653" ind2=" " ind1=" ">
      <subfield code="a">Overlays</subfield>
   </datafield>
   <datafield tag="653" ind2=" " ind1=" ">
      <subfield code="a">Streamers</subfield>
   </datafield>
   <datafield tag="653" ind2=" " ind1=" ">
      <subfield code="a">Experiencia de usuario</subfield>
   </datafield>
   <datafield tag="653" ind2=" " ind1=" ">
      <subfield code="a">Diseño centrado en el usuario</subfield>
   </datafield>
   <datafield tag="653" ind2=" " ind1=" ">
      <subfield code="a">Creadors de contingut</subfield>
   </datafield>
   <datafield tag="653" ind2=" " ind1=" ">
      <subfield code="a">Experiència d'usuari</subfield>
   </datafield>
   <datafield tag="653" ind2=" " ind1=" ">
      <subfield code="a">Content creators</subfield>
   </datafield>
   <datafield tag="653" ind2=" " ind1=" ">
      <subfield code="a">User experience</subfield>
   </datafield>
   <datafield ind2="0" ind1="0" tag="245">
      <subfield code="a">El Diseño UX basado en datos para optimizar los Overlays en el streaming</subfield>
   </datafield>
</record></metadata></record></GetRecord></OAI-PMH>